| 000 | 00579nam a22002297a 4500 | ||
|---|---|---|---|
| 003 | UA-OsUOA | ||
| 001 | 29111 | ||
| 007 | ta | ||
| 008 | 20050531b un ||||| |||| 00| 0 ukr d | ||
| 090 |
_a94(470+571) _bА43 |
||
| 942 | _cBK | ||
| 040 |
_aUA-OsUOA _brus _cUA-OsUOA _dUA-OsUOA |
||
| 245 |
_aАкты русского государства 1505-1526 гг. _cРед. А. А.Новосельский |
||
| 300 | _a435 с. | ||
| 955 | _a0 | ||
| 041 | _arus | ||
| 080 | _a94(470+571) | ||
| 260 |
_aМ. _bНаука _c1975 |
||
| 044 | _aRU | ||
| 650 | 7 | _2UDC | |
| 999 |
_c315492 _d315492 |
||